000 00222nam a22000857a 4500
008 170131b xxu||||| |||| 00| 0 eng d
100 _92693
_aCurry.D.L
245 _aHow Do Yur Lungs Wrks?
260 _aNew Delhi
_bScholastics
_c2008
999 _c5854
_d5854